| 000 | 00726nam a22002417a 4500 | ||
|---|---|---|---|
| 001 | 30449 | ||
| 003 | BD-RjUL | ||
| 005 | 20211209051551.0 | ||
| 008 | 140410s1966 enk||||| b||| 001 0 eng d | ||
| 035 | _a(BD-RjUL)30535 | ||
| 040 |
_aBD-RjUL _beng _cBD-RjUL |
||
| 041 | _aeng | ||
| 082 | 0 | 4 |
_220 _a153.12 _bSMM 1966 |
| 100 | 1 |
_aSmith, Brian. _918971 |
|
| 245 | 1 | 0 |
_aMemory / _cBrian Smith. |
| 260 |
_aLondon : _bAllen & Unwin, _c1966. |
||
| 300 |
_a214 p. ; _c22 cm. |
||
| 490 | _aLibrary of philosophy; Muirhead library of philosophy. | ||
| 504 | _aIncludes bibliographical references and index. | ||
| 650 | 0 |
_aMemory. _992518 |
|
| 830 |
_aLibrary of philosophy; Muirhead library of philosophy. _992519 |
||
| 942 |
_2ddc _cBK |
||
| 999 |
_c30449 _d30449 |
||